000 00656nam a2200217 a 4500
999 _c3414
_d3414
001 3414
003 BD-JhCC
005 20171113185411.0
008 171112s1977 bg ||||| |||| 00| 0 ben d
035 _a(BD-JhCC)
040 _aBD-JhCC
_dBD-JhCC
041 _aben
082 _a891.442
_bSAR 1977
100 _aসার্ত, জাঁ পল
245 _aছায়াহীন কায়া /
_cজাঁ পল সার্ত; আবদার রশীদ (অনুবাদ)
260 _aঢাকা :
_bমুক্তধারা,
_c1977.
300 _a97 p. :
_c22 cm.
650 _aBengali Drama
942 _2ddc
_cBK